| 000 | 01088nam0a22002531 4500 | ||
|---|---|---|---|
| 001 | rc\4348061 | ||
| 005 | 20130416135303.0 | ||
| 035 | _a(NLR Aleph) 008277156 | ||
| 090 |
_a8493366 _c8493366 |
||
| 100 | _a20130416d1965 |||y0rusy50 ca | ||
| 101 | 0 | _arus | |
| 102 | _aRU | ||
| 105 | _ay z ||||| | ||
| 200 | 1 |
_aВопросы автоматизации обработки внутрицеховой информации _fАкад. наук СССР. Центр. экон.-матем. ин-т. 1 Всесоюз. конференция по применению экон-матем. методов и ЭВМ в управлении пром. предприятием Секция 2 |
|
| 210 |
_aМосква _cБ. и. _d1965 |
||
| 215 |
_a6 с. _d20 |
||
| 300 | _aОтпеч. множит. аппаратом | ||
| 333 | _aДля служебного пользования. Экз. № 026 | ||
| 700 | 1 |
_aГарбер _bК. Д. _gКонстантин Давидович |
|
| 801 | 0 |
_aRU _bNLR _gpsbo |
|
| 801 | 1 |
_aRU _bELAR _2rusmarc |
|
| 852 |
_aNLR _j50К/1396 |
||
| 942 | _cBOOK | ||
| 980 | _aNB | ||